| 000 | 00768aas a2200229 4500 | ||
|---|---|---|---|
| 999 |
_c2700 _d2700 |
||
| 003 | BR-BrBNA | ||
| 005 | 20230317233551.0 | ||
| 007 | ta | ||
| 008 | 230119b bl ||||| |||| 00| 0 por d | ||
| 035 | _a000485-5 | ||
| 040 |
_aBR-BrBNA _bPor _cBR-BrBNA |
||
| 042 | _a071950-1 | ||
| 044 | _abl | ||
| 245 | _aDesenvolvimento Regional. Monografias - Ministério do Interior (Brazil) | ||
| 260 |
_aBrasília-DF _bMinistério do Interior - Superintendência do Desenvolvimento da Região Centro-Oeste _c1973. Data final de publicação em 1973 _eBDF |
||
| 270 | _aEsplanada dos Ministérios - 70079-000 | ||
| 310 | _airregular | ||
| 500 | _aCCN - Série Desenvolvimento Regional Ministério do Interior | ||
| 505 | _a1973 (1-2); | ||
| 909 |
_a56 _bSergio Santos _c56 _dSergio Santos |
||
| 942 |
_cCR _2AGRIS |
||